Statistics for NFL Top 100 Player of 2017

Click here to take the quiz!

General Stats

  • This quiz has been taken 336 times
  • The average score is 72 of 100

Answer Stats

#Team/pos.Answer% Correct
1Patriots QBTom Brady
100%
6Packers QBAaron Rodgers
99%
4Steelers WRAntonio Brown
99%
3Falcons WRJulio Jones
99%
2Broncos LBVon Miller
99%
10Falcons QBMatt Ryan
97%
11Raiders QBDerek Carr
96%
16Saints QBDrew Brees
95%
8Giants WROdell Beckham Jr.
95%
14Cowboys QBDak Prescott
94%
5Raiders LBKhalil Mack
93%
9Steelers RBLe'Veon Bell
93%
24Seahawks QBRussell Wilson
93%
17Bengals WRA.J. Green
92%
12Cardinals RBDavid Johnson
92%
32Chiefs CBMarcus Peters
92%
31Lions QBMatthew Stafford
92%
15Rams DTAaron Donald
91%
81Chiefs QBAlex Smith
91%
74Vikings SHarrison Smith
91%
35Texans DEJ.J. Watt
91%
26Chiefs TETravis Kelce
91%
18Cowboys OTTyron Smith
91%
98Vikings RBAdrian Peterson
90%
19Cardinals CBPatrick Peterson
90%
23Patriots TERob Gronkowski
90%
7Cowboys RBEzekiel Elliott
89%
29Buccaneers WRMike Evans
89%
21Seahawks CBRichard Sherman
89%
36Chiefs WRTyreek Hill
89%
51Colts QBAndrew Luck
88%
44Panthers QBCam Newton
88%
30Seahawks SEarl Thomas
88%
25Browns OTJoe Thomas
88%
22Steelers QBBen Roethlisberger
86%
85Cardinals OLBChandler Jones
84%
57Buccaneers QBJameis Winston
84%
20Panthers LBLuke Kuechly
84%
13Chiefs SEric Berry
83%
52Buccaneers DTGerald McCoy
83%
48Packers WRJordy Nelson
83%
27Bills RBLeSean McCoy
83%
50Titans QBMarcus Mariota
83%
73Chargers QBPhilip Rivers
82%
60Cowboys WRDez Bryant
81%
34Seahawks SKam Chancellor
80%
61Colts WRT.Y. Hilton
80%
53Raiders WRAmari Cooper
79%
41Falcons RBDevonta Freeman
78%
38Eagles DTFletcher Cox
78%
67Panthers TEGreg Olsen
78%
71Patriots WRJulian Edelman
78%
45Cardinals WRLarry Fitzgerald
78%
39Seahawks LBBobby Wagner
77%
70Redskins QBKirk Cousins
76%
49Texans DEJadeveon Clowney
74%
37Broncos CBAqib Talib
73%
42Dolphins WRJarvis Landry
72%
33Titans RBDeMarco Murray
70%
58Cowboys GZack Martin
68%
55Dolphins DTNdamokung Suh
67%
100Chargers DEJoey Bosa
66%
63Broncos CBChris Harris Jr.
65%
75Titans TEDelanie Walker
65%
88Seahawks WRDoug Baldwin
65%
59Redskins CBJosh Norman
65%
47Redskins OTTrent Williams
65%
65Redskins TEJordan Reed
64%
68Bengals DTGeno Atkins
62%
82Packers LBClay Matthews
61%
28Giants SLandon Collins
60%
89Panthers LBThomas Davis
60%
66Vikings CBXavier Rhodes
59%
43Ravens GMarshal Yanda
57%
80Patriots RBLeGarrette Blount
56%
46Seahawks DEMichael Bennett
56%
69Dolphins RBJay Ajayi
55%
54Giants CBJanoris Jenkins
54%
90Eagles SMalcolm Jenkins
54%
76Chiefs LBJustin Houston
53%
79Cowboys LBSean Lee
53%
92Vikings DEEverson Griffen
51%
62Dolphins DECameron Wake
49%
77Packers SHa Ha Clinton-Dix
49%
94Patriots LBDont'a Hightower
48%
99Patriots CBMalcolm Butler
46%
40Falcons LBVic Beasley
46%
72Titans TTaylor Lewan
42%
64Chargers CBCasey Hayward
40%
97Steelers GDavid DeCastro
40%
83Cardinals DLCalais Campbell
39%
93Eagles DEBrandon Graham
37%
87Cowboys CTravis Fredrick
36%
86Titans DTJurrell Casey
34%
56Seahawks DECliff Avril
33%
96Giants DTDamon Harrison
32%
84Packers DEMike Daniels
26%
95Raiders GKelechi Osemele
23%
91Bills LBLorenzo Alexander
21%
78Titans LBBrian Orakpo
20%

Score Distribution

Percentile by Number Answered

Percent of People with Each Score

Your Score History

You have not taken this quiz